000 00448nam a2200181Ia 4500
001 20217
005 20260306172750.0
008 260306t1989||||xx |||||||||||||| ||spa||
041 _aESP
082 _a343
_bG26 T. 1
100 _aGarcía Belaúnde, Domingo
_eAUT
245 0 _aTeoría y práctica de la constitución peruana
260 _c1989
300 _apágs. :
_c20 cm.
650 _aGEN
654 _aCDE
942 _cLIB
_dJUS
_fJUS
_2ddc
_n
999 _c20217
_d20217